000
00297nam a22001337a 4500
008
170619b xxu||||| |||| 00| 0 eng d
020
_a
9780321086129
041
_a
eng
080
_2
2ND
_a
32
100
_a
20
101
_a
SHP
245
_a
EUROPEAN POLITICS TODAY
_c
ALMOND,G.A
942
_2
udc
_c
BK
999
_c
17991
_d
17991